000 00447nam a2200169Ia 4500
008 230718s9999 xx 000 0 und d
020 _a9789351100089
041 _aeng
082 _a005.678
_bCRA
100 _aCraig T.
_9118249
245 _aPrivacy And Big Data
260 _c2013
_bO'Reilly
300 _a91
365 _cRs.
_b200.00
700 _aCraig T. & Ludloff M.E.
_9194358
906 _dO:0328306-Mar-2013B:267821-Feb-2013
_cCOMP
_b44
999 _c332061
_d332061